| 000 | 00567nam a2200169 4500 | ||
|---|---|---|---|
| 001 | 111702 | ||
| 003 | ES-MaACL | ||
| 005 | 20250829122740.0 | ||
| 007 | t| | ||
| 008 | 061121s1966 sp r ||||1| spa d | ||
| 245 | 0 | 0 | _aOrganización y supervisión de escuelas. |
| 260 |
_aMadrid : _bCentro de Documentación y Orientación Didáctica de Enseñanza Primaria, _c1966. |
||
| 300 |
_a477 p. ; _c25 cm. |
||
| 710 | 2 |
_aCentro de Documentación y Orientación Didáctica de Enseñanza Primaria _92607 |
|
| 852 |
_aES-MaACL _jC-30126 _bR.60481 |
||
| 999 |
_c111702 _d111702 |
||